Statistics for Every Nets Player Ever that has Passed Away

Click here to take the quiz!

General Stats

  • This quiz has been taken 2 times
  • The average score is 8 of 48

Answer Stats

DateAgePlayer% Correct
6/7/199328Drazen Petrovic
100%
3/22/201358Ray Williams
100%
8/29/202053Cliff Robinson
50%
8/27/201558Darryl Dawkins
50%
4/20/201652Dwayne Washington
50%
4/5/201671Ed Johnson
50%
11/18/202076George Carter
50%
11/30/199645John Williamson
50%
1/25/200659Luther Green
50%
10/31/201058Maurice Lucas
50%
10/30/201571Mel Daniels
50%
11/20/200460Trooper Washington
50%
6/24/197526Wendell Ladner
50%
9/23/201937Andre Emmett
0%
2/28/201548Anthony Mason
0%
7/5/201147Armen Gilliam
0%
8/27/201271Art Heyman
0%
1/6/201957Ben Coleman
0%
12/12/202068Bird Averitt
0%
6/4/200253Bob Lackey
0%
9/12/202182Bruce Spraggins
0%
1/27/201750Charles Schakleford
0%
4/15/201243Dwayne Schintzius
0%
3/4/201167Ed Manning
0%
3/22/202274Elnardo Webster
0%
2/5/199648Gary Zeller
0%
4/5/202080Hank Whitney
0%
5/26/200758Howard Porter
0%
3/16/201551Jack Haley
0%
7/4/199830Jay Taylor
0%
4/6/202380Jim Caldwell
0%
3/11/200961Jim Hayes
0%
9/7/202380Johnny Mathis
0%
10/6/201672Ken Wilburn
0%
12/29/200453Larry McNeill
0%
3/27/202077Les Hunter
0%
6/22/201068Levern Tart
0%
7/31/202070Mike Gale
0%
5/31/201252Orlando Woolridge
0%
10/25/200862Rod Knowles
0%
3/14/201465Sam Lacey
0%
2/14/198337Sonny Dove
0%
12/9/201867Tim Bassett
0%
10/28/200562Tony Jackson
0%
10/10/199757Walt Simon
0%
1/19/201876Wilbert Frazier
0%
10/20/200557Willie Sojourner
0%
1/9/200431Yinka Dare
0%

Score Distribution

Percentile by Number Answered

Percent of People with Each Score

Your Score History

You have not taken this quiz